Statistiques concernant Relier le film à son réalisateur le retour

Cliquez ici pour prendre le quiz!

Statistiques générales

  • Ce quiz a été pris 34 fois
  • Le résultat moyen est 7 sur 20

Statistiques - réponses

HintRéponse% Correct
Clint EastwoodLe Retour de l'inspecteur Harry
68%
Orson WellesOthello
61%
Jean VigoL'atalante
52%
Céline SciammaTomboy
52%
Martin ScorseseSilence
48%
Jean CocteauL'aigle à deux têtes
45%
Marcel CarnéLes Visiteurs du soir
45%
Stanley Kubrickle baiser du tueur
39%
David LynchUne Histoire Vraie
39%
Don SiegelLe Dernier des géants
23%
Maya DerenMeshes of the afternoon
23%
Jacques FeyderL'atlantide
19%
Stanley DonenLe petit Prince
19%
Béla TarrL'Homme de Londres
19%
Jean EustacheUne sale histoire
19%
Roy Anderssonun pigeon perché sur une branche philosophait sur l'existence
19%
William WylerLes Grands espaces
16%
Jonathan DemmeStop Making Sense
16%
Jim SharmanThe Rocky Horror picture Show
16%
Peter BogdanovichNickelodeon
13%

Distribution des résultats

Percentile par nombre de réponses

% des personnes avec chaque résultat

Votre développement - résultats

Vous n’avez pas pris ce quiz